| 000 | 00528nam a22002057a 4500 | ||
|---|---|---|---|
| 003 | OSt | ||
| 005 | 20160316173453.0 | ||
| 008 | 160316b xxu||||| |||| 00| 0 eng d | ||
| 020 | _a0131911759 | ||
| 040 | _cDDC | ||
| 082 | _a530.12 GRI 2005 | ||
| 100 |
_aGriffiths, David J. _97369 |
||
| 245 | _aIntroduction to quantum Mechanics | ||
| 250 | _a2nd ed. | ||
| 260 | _aNew Jersay; Pearson, 2005 | ||
| 300 | _aix,468p; ill: 23.5cm | ||
| 504 | _aAppendix, & Index included | ||
| 650 |
_aMechanics _9819 |
||
| 942 |
_2ddc _cO_SHELF |
||
| 999 |
_c3283 _d3283 |
||